DESIGN OF MOLD SAND TESTING APPARATUS FOR ANALYSIS OF EFFECTS ON THE PERMEABILITY OF MOLD SAND DUE TO VARIATION IN MOLASSES CONTENTS (Record no. 529088)
[ view plain ]
| 000 -LEADER | |
|---|---|
| fixed length control field | 00616nam a22001697a 4500 |
| 082 ## - DEWEY DECIMAL CLASSIFICATION NUMBER | |
| Classification number | 670 |
| 100 ## - MAIN ENTRY--PERSONAL NAME | |
| Personal name | Ahmed Bin Hameed. |
| 245 ## - TITLE STATEMENT | |
| Title | DESIGN OF MOLD SAND TESTING APPARATUS FOR ANALYSIS OF EFFECTS ON THE PERMEABILITY OF MOLD SAND DUE TO VARIATION IN MOLASSES CONTENTS |
| Statement of responsibility, etc. | Ahmed Bin Hameed. |
| 260 ## - PUBLICATION, DISTRIBUTION, ETC. | |
| Place of publication, distribution, etc. | Islamabad: |
| Name of publisher, distributor, etc. | SMME - NUST, |
| Date of publication, distribution, etc. | 2012. |
| 300 ## - PHYSICAL DESCRIPTION | |
| Extent | 45 p.: ill.; |
| Dimensions | 30cm. |
| 650 ## - SUBJECT ADDED ENTRY--TOPICAL TERM | |
| Topical term or geographic name entry element | MS-Thesis. |
| 700 ## - ADDED ENTRY--PERSONAL NAME | |
| Personal name | Dr. Liaqat Ali |
| 856 ## - Uniform Resource Identifier | |
| Uniform Resource Identifier | <a href="http://10.250.8.41:8080/xmlui/handle/123456789/9049">http://10.250.8.41:8080/xmlui/handle/123456789/9049</a> |
| 942 ## - ADDED ENTRY ELEMENTS (KOHA) | |
| Source of classification or shelving scheme | |
| Koha item type | Thesis |
| 650 ## - SUBJECT ADDED ENTRY--TOPICAL TERM | |
| -- | 18721 |
| 700 ## - ADDED ENTRY--PERSONAL NAME | |
| -- | 16199 |
| Withdrawn status | Lost status | Source of classification or shelving scheme | Damaged status | Not for loan | Permanent Location | Current Location | Shelving location | Date acquired | Full call number | Barcode | Date last seen | Price effective from | Non-public note | Koha item type |
|---|---|---|---|---|---|---|---|---|---|---|---|---|---|---|
| Central Library (CL) | Central Library (CL) | Thesis | 09/19/2019 | 670 | CL-T-1543 | 09/19/2019 | 09/19/2019 | Minute Sheet No. 0929/02/CL/Survey/5 dated 23rd April 2024 E-MIN ID 114741 | Thesis |
